Alsace ou Allemagne ? - Statistiques

Statistiques générales
  • Ce quiz a été pris 605 fois
  • Le résultat moyen est 13 sur 15
Statistiques - réponses
Hint Réponse % Correct
Strasbourg Alsace
98%
Le symbole de la cigogne Alsace
97%
La tarte flambée (Flammekueche) Alsace
95%
Le château du Haut-Koenigsbourg Alsace
94%
Le plat 'Currywurst' Allemagne
92%
Le palais du Reichstag Allemagne
89%
Le célèbre lac de Titisee Allemagne
89%
La ville de Kehl, située juste en face de Strasbourg Allemagne
89%
La Forêt-Noire Allemagne
88%
Le château de Neuschwanstein Allemagne
85%
La bière Kronenbourg Alsace
82%
Les frères Grimm Allemagne
81%
Le musée de l'Automobile 'Cité de l'Automobile' Alsace
81%
Le siège social de la marque automobile Bugatti Alsace
76%
Le vin de glace ('Eiswein') Allemagne
65%
Aucun quiz correspondant
Distribution des résultats
% des personnes avec chaque résultat
Percentile par nombre de réponses
Votre historique - résultats
Vous n’avez pas pris ce quiz